000 01101nam a2200277Ia 4500
003 OSt
005 20221005110930.0
006 a|||||r|||| 00| 0
007 ta
008 221004b |||||||| |||| 00| 0 hin d
020 _a9788126720842 (hbk)
_c450
024 _a24401
037 _b7327, 07/01/2016, Rajkamal Prakashan Pvt. Ltd.
_cTextual
040 _aCRL
_cCRL
_bhin
041 _2hin
_ahin
082 _aV2y7M69:g, 152Q2
100 _aबरनवाल, वीरेन्द्र कुमार
245 0 _aहिन्द स्वराज
_b नव सभ्यता - विमर्श
246 _aHinda svarāja: nav sabhyatā - vimarsha
250 _aसंस्करण 2
260 _aनई दिल्ली
_bराजकमल प्रकाशन भारत
_c2012
300 _a326पृ0
_ccm.
650 _aविश्व-इतिहास
942 _hV2y7M69:g, 152Q2
_cTEXL
_2cc
999 _c1020304
_d1020304